HRM from A-Z Critical questions asked & answered

Saved in:
Bibliographic Details
Main Author: Christopher L. Martin
Format: Book
Language:Undetermined
Published: Boston McGraw- Hill 2001
Tags: Add Tag
No Tags, Be the first to tag this record!
Institutions: Trung tâm Học liệu Trường Đại học Cần Thơ
LEADER 00426nam a2200157Ia 4500
001 CTU_65854
008 210402s9999 xx 000 0 und d
020 |b 600000 
082 |a 658.3 
082 |b M379 
100 |a Christopher L. Martin 
245 0 |a HRM from A-Z Critical questions asked & answered 
260 |a Boston 
260 |b McGraw- Hill 
260 |c 2001 
980 |a Trung tâm Học liệu Trường Đại học Cần Thơ